100km内人口最多的县级行政区(市辖区合并-点位地图版) - Statistics

General Stats
  • This quiz has been taken 9 times
  • The average score is 166 of 264
Answers on the Map
Answers color-coded by a green-red scale on the quiz's map according to % correct below.
 
Answer Stats
省级行政区 人口 城市/县 % Correct
内蒙古自治区 449436 呼伦贝尔市
100%
黑龙江省 6976136 哈尔滨市
100%
黑龙江省 1406987 齐齐哈尔市
100%
黑龙江省 223832 黑河市
100%
广东省 18676605 广州市
100%
广东省 17338162 深圳市
100%
广西壮族自治区 5977185 南宁市
100%
海南省 2873358 海口市
100%
海南省 1031396 三亚市
100%
直辖市 25379469 重庆市
100%
四川省 15419445 成都市
100%
云南省 5950578 昆明市
100%
西藏自治区 648044 拉萨市
100%
西藏自治区 158290 日喀则市
100%
西藏自治区 84254 林芝市
100%
新疆维吾尔自治区 3980779 乌鲁木齐市
100%
直辖市 21893095 北京市
89%
直辖市 13866009 天津市
89%
河北省 1881047 秦皇岛市
89%
河北省 735897 承德市
89%
山西省 2030203 大同市
89%
山西省 713287 朔州市
89%
内蒙古自治区 2545608 呼和浩特市
89%
内蒙古自治区 2283770 包头市
89%
内蒙古自治区 1460381 赤峰市
89%
内蒙古自治区 921808 通辽市
89%
内蒙古自治区 150508 满洲里市
89%
辽宁省 7885142 沈阳市
89%
辽宁省 5736383 大连市
89%
辽宁省 815858 丹东市
89%
辽宁省 767888 阜新市
89%
吉林省 5539649 长春市
89%
吉林省 686136 延吉市
89%
黑龙江省 1754655 大庆市
89%
黑龙江省 360347 伊春市
89%
黑龙江省 862555 佳木斯市
89%
黑龙江省 930015 牡丹江市
89%
黑龙江省 698025 绥化市
89%
黑龙江省 97329 抚远市
89%
黑龙江省 54036 漠河市
89%
直辖市 24870895 上海市
89%
江苏省 9314685 南京市
89%
江苏省 3589215 徐州市
89%
江苏省 2829864 淮安市
89%
江苏省 2379194 盐城市
89%
浙江省 10711238 杭州市
89%
浙江省 5057140 宁波市
89%
浙江省 3004246 温州市
89%
浙江省 2162461 台州市
89%
安徽省 5118199 合肥市
89%
江西省 3929660 南昌市
89%
江西省 1164268 九江市
89%
江西省 2588060 赣州市
89%
江西省 2068763 上饶市
89%
山东省 8352574 济南市
89%
山东省 7172451 青岛市
89%
山东省 3191299 烟台市
89%
山东省 3648324 临沂市
89%
山东省 2230000 菏泽市
89%
河南省 6650120 郑州市
89%
河南省 2060026 南阳市
89%
湖北省 12447718 武汉市
89%
湖南省 5980707 长沙市
89%
广东省 5437602 汕头市
89%
广东省 2539148 茂名市
89%
广西壮族自治区 1725865 桂林市
89%
广西壮族自治区 435438 崇左市
89%
海南省 2433 三沙市
89%
四川省 806395 攀枝花市
89%
四川省 2232865 绵阳市
89%
云南省 903081 保山市
89%
西藏自治区 148511 昌都市
89%
陕西省 11133823 西安市
89%
甘肃省 3186658 兰州市
89%
甘肃省 1212791 天水市
89%
甘肃省 519096 张掖市
89%
甘肃省 455611 酒泉市
89%
甘肃省 546616 陇南市
89%
青海省 1954795 西宁市
89%
青海省 141308 玉树市
89%
新疆维吾尔自治区 569388 哈密市
89%
新疆维吾尔自治区 779352 库尔勒市
89%
新疆维吾尔自治区 778047 伊宁市
89%
河北省 5758403 石家庄市
78%
河北省 3687607 唐山市
78%
河北省 3724728 邯郸市
78%
河北省 3154062 保定市
78%
河北省 1487238 张家口市
78%
山西省 4529141 太原市
78%
山西省 959198 临汾市
78%
内蒙古自治区 556621 乌海市
78%
内蒙古自治区 425059 乌兰察布市
78%
内蒙古自治区 68482 额尔古纳市
78%
内蒙古自治区 71437 根河市
78%
吉林省 474276 白城市
78%
安徽省 2128538 阜阳市
78%
福建省 4094491 福州市
78%
福建省 5163970 厦门市
78%
福建省 658554 三明市
78%
福建省 795448 南平市
78%
山东省 1491878 德州市
78%
湖北省 1428629 十堰市
78%
湖北省 1547599 宜昌市
78%
湖北省 2319640 襄阳市
78%
湖北省 836781 恩施市
78%
湖南省 1335692 岳阳市
78%
湖南省 1469055 常德市
78%
广东省 1028460 韶关市
78%
广西壮族自治区 2519051 柳州市
78%
广西壮族自治区 921880 河池市
78%
四川省 1236188 乐山市
78%
四川省 2158312 宜宾市
78%
四川省 1850869 达州市
78%
四川省 955041 西昌市
78%
贵州省 4506134 贵阳市
78%
贵州省 2360549 遵义市
78%
云南省 1594721 曲靖市
78%
云南省 631530 楚雄市
78%
云南省 186412 香格里拉市
78%
西藏自治区 104490 那曲市
78%
陕西省 804086 延安市
78%
陕西省 1084448 汉中市
78%
陕西省 1251557 榆林市
78%
陕西省 894853 安康市
78%
甘肃省 885277 武威市
78%
甘肃省 137736 玉门市
78%
甘肃省 185231 敦煌市
78%
青海省 221863 格尔木市
78%
宁夏回族自治区 1901793 银川市
78%
新疆维吾尔自治区 490348 克拉玛依市
78%
新疆维吾尔自治区 317443 吐鲁番市
78%
新疆维吾尔自治区 715319 阿克苏市
78%
新疆维吾尔自治区 782662 喀什市
78%
新疆维吾尔自治区 221454 阿勒泰市
78%
台湾省 4365947 新北市
78%
台湾省 3033840 台中市
78%
台湾省 2734275 高雄市
78%
山西省 1687952 长治市
67%
山西省 928334 运城市
67%
内蒙古自治区 32301 阿尔山市
67%
内蒙古自治区 75794 二连浩特市
67%
黑龙江省 683232 鸡西市
67%
河南省 3443805 洛阳市
67%
河南省 1515750 信阳市
67%
河南省 1720663 周口市
67%
湖南省 1361085 衡阳市
67%
广东省 1292987 阳江市
67%
广西壮族自治区 1700978 贵港市
67%
广西壮族自治区 1060155 贺州市
67%
四川省 882686 广元市
67%
四川省 1936534 南充市
67%
贵州省 1420656 六盘水市
67%
贵州省 709057 凯里市
67%
云南省 623772 文山市
67%
云南省 642737 景洪市
67%
云南省 304950 勐腊县
67%
云南省 771128 大理市
67%
西藏自治区 33006 尼玛县
67%
西藏自治区 31052 噶尔县
67%
陕西省 1862118 宝鸡市
67%
甘肃省 513856 庆阳市
67%
青海省 88227 德令哈市
67%
新疆维吾尔自治区 246706 博乐市
67%
内蒙古自治区 693038 鄂尔多斯市
56%
内蒙古自治区 174023 鄂伦春自治旗
56%
内蒙古自治区 38358 新巴尔虎右旗
56%
内蒙古自治区 349953 锡林浩特市
56%
内蒙古自治区 35756 额济纳旗
56%
黑龙江省 414090 富锦市
56%
山东省 2006546 聊城市
56%
湖南省 1146692 永州市
56%
广西壮族自治区 780871 百色市
56%
重庆市 607338 酉阳土家族苗族自治县
56%
四川省 1064766 巴中市
56%
四川省 58390 马尔康市
56%
西藏自治区 10881 双湖县
56%
青海省 18856 茫崖市
56%
宁夏回族自治区 399796 中卫市
56%
新疆维吾尔自治区 530328 库车市
56%
新疆维吾尔自治区 39946 塔什库尔干塔吉克自治县
56%
新疆维吾尔自治区 328241 阿拉尔市
56%
内蒙古自治区 582206 巴彦淖尔市
44%
内蒙古自治区 138676 霍林郭勒市
44%
内蒙古自治区 37007 新巴尔虎左旗
44%
黑龙江省 51056 塔河县
44%
四川省 67293 理塘县
44%
西藏自治区 58173 定日县
44%
西藏自治区 17009 聂拉木县
44%
西藏自治区 11167 日土县
44%
青海省 14490 玛多县
44%
内蒙古自治区 277522 巴林左旗
33%
内蒙古自治区 359184 准格尔旗
33%
吉林省 509336 梅河口市
33%
吉林省 392486 敦化市
33%
黑龙江省 436906 讷河市
33%
黑龙江省 195489 东宁市
33%
黑龙江省 36362 呼玛县
33%
四川省 80467 阿坝县
33%
四川省 72698 甘孜县
33%
四川省 103633 石渠县
33%
西藏自治区 15449 亚东县
33%
西藏自治区 98677 丁青县
33%
西藏自治区 28237 察隅县
33%
西藏自治区 25327 改则县
33%
陕西省 339077 定边县
33%
甘肃省 129299 瓜州县
33%
青海省 133409 共和县
33%
新疆维吾尔自治区 219811 奇台县
33%
新疆维吾尔自治区 137327 轮台县
33%
新疆维吾尔自治区 43045 若羌县
33%
新疆维吾尔自治区 69236 且末县
33%
新疆维吾尔自治区 860800 莎车县
33%
新疆维吾尔自治区 257038 于田县
33%
新疆维吾尔自治区 306525 新源县
33%
新疆维吾尔自治区 99748 富蕴县
33%
河北省 423676 围场满族蒙古族自治县
22%
内蒙古自治区 162726 鄂托克旗
22%
内蒙古自治区 33643 苏尼特左旗
22%
内蒙古自治区 62402 苏尼特右旗
22%
内蒙古自治区 94076 东乌珠穆沁旗
22%
内蒙古自治区 99255 西乌珠穆沁旗
22%
吉林省 836098 榆树市
22%
吉林省 58266 长白朝鲜族自治县
22%
黑龙江省 130519 饶河县
22%
黑龙江省 82134 逊克县
22%
江西省 710620 修水县
22%
湖南省 1196538 新化县
22%
广西壮族自治区 1390612 博白县
22%
重庆市 929034 云阳县
22%
四川省 32916 稻城县
22%
云南省 389180 云县
22%
云南省 771948 广南县
22%
云南省 54736 德钦县
22%
西藏自治区 33570 隆子县
22%
西藏自治区 72618 比如县
22%
西藏自治区 12242 普兰县
22%
西藏自治区 8454 札达县
22%
西藏自治区 17027 措勤县
22%
陕西省 389002 靖边县
22%
青海省 68759 杂多县
22%
青海省 90307 囊谦县
22%
青海省 68273 都兰县
22%
新疆维吾尔自治区 366141 巴楚县
22%
新疆维吾尔自治区 571648 墨玉县
22%
新疆维吾尔自治区 188642 额敏县
22%
新疆维吾尔自治区 61785 和布克赛尔蒙古自治县
22%
新疆维吾尔自治区 82524 哈巴河县
22%
内蒙古自治区 186663 林西县
11%
内蒙古自治区 251806 扎鲁特旗
11%
内蒙古自治区 257826 乌拉特前旗
11%
四川省 64813 小金县
11%
四川省 76712 若尔盖县
11%
四川省 53378 道孚县
11%
贵州省 412813 黎平县
11%
云南省 441455 澜沧拉祜族自治县
11%
西藏自治区 26897 仲巴县
11%
西藏自治区 17536 吉隆县
11%
西藏自治区 92800 江达县
11%
西藏自治区 79001 芒康县
11%
西藏自治区 42716 边坝县
11%
西藏自治区 38797 嘉黎县
11%
西藏自治区 21768 申扎县
11%
西藏自治区 39309 班戈县
11%
青海省 34496 治多县
11%
No matching quizzes found
Score Distribution
Percent of People with Each Score
Percentile by Number Answered
Your Score History
You have not taken this quiz